Sports Quiz

Random Sports or Football Quiz

Football in London Quiz Stats

 Plays Quiz Updated Aug 1, 2019

Score 0/16 Timer 04:00
67 Plays Today
Division Club Name % Correct
Premier LeagueChelsea
95.7%
Premier LeagueArsenal
94.8%
Premier LeagueTottenham Hotspur
86.5%
Premier LeagueWest Ham United
81%
Football League ChampionshipFulham
76.7%
Premier LeagueCrystal Palace
66.2%
Football League ChampionshipQueens Park Rangers
65.3%
Football League ChampionshipMillwall
55.4%
Division Club Name % Correct
Football League ChampionshipCharlton Athletic
51.1%
Football League OneAFC Wimbledon
45.6%
Football League TwoLeyton Orient
43.4%
Football League ChampionshipBrentford
42.1%
National LeagueBarnet
29.8%
National LeagueDagenham & Redbridge
20.7%
National LeagueBromley
13.2%
National LeagueSutton United
9.6%

You're not logged in!

Compare scores with friends on all Sporcle quizzes.
OR
Log In

Sporcle TV

Today on Sporcle TV


Watch our educational content, quiz creation guides, and fun videos on Sporcle TV.

Show Comments

Extras

Top Quizzes Today


Score Distribution

Your Account Isn't Verified!

In order to create a playlist on Sporcle, you need to verify the email address you used during registration. Go to your Sporcle Settings to finish the process.

Report this User

Report this user for behavior that violates our Community Guidelines.

Details: